000 00756nam a2200193 a 4500
001 000037225
005 20200930080224.0
008 120309s2011 dr 000 0 spa d
020 _a9788484895183
040 _aDO-SdBNP
_bspa
_cBNPHU
245 0 0 _aPertenencia y alteridad :
_bjudíos en/de América Latina : cuarenta años de cambios /
_cHaim Avni ... [et al.] (coordinadores) ; traducción y supervisión de estilo, Florinda F. Goldberg.
260 _aMadrid :
_bIberoamericana ; Frankfurt am Main : Vervuert ; México, D. F. onilla Artigas,
_c2011.
300 _a870 p. ;
_c24 cm.
490 1 _aTiempo emulad
_v13
500 _aÍndices
700 1 _aAvni, Haim
_963636
700 1 _aGoldberg, Florinda F.
_963637
830 0 _aTiempo emulado
_v13
_963638
999 _c36715
_d36715